The complete operas of Verdi

Bewaard in:
Bibliografische gegevens
Hoofdauteur: Osborne, Charles (Auteur)
Formaat: Boek
Taal:Engels
Gepubliceerd in: Londres Victor Gollancz 1969
Onderwerpen:
Tags: Voeg label toe
Geen labels, Wees de eerste die dit record labelt!

MARC

LEADER 00000nam a2200000 a 4500
001 UCN3237
003 CL-VaPUC
008 010622e19690000UK |||||||||||||||||eng|d
082 0 4 |a 782.1092  |b OSB  |2 21 
100 0 |a Osborne, Charles  |e author  |9 459709 
245 1 4 |a The complete operas of Verdi 
300 |a 485 p 
942 |c BK 
945 |d 20010622 00:00:00  |a crobeson 
260 |a Londres  |b Victor Gollancz  |c 1969 
600 0 7 |a VERDI, GIUSEPPE  |2 CL-VaPUC  |9 306334 
650 7 |a OPERAS ITALIANAS - CRITICA E INTERPRETACION  |2 CL-VaPUC  |9 459710 
650 7 |a OPERA ITALIANA  |2 CL-VaPUC  |9 459711 
650 0 |a Análisis musical  |9 267228 
650 0 |a Compositores italianos  |9 329309 
583 |a last modification  |c 20010622 00:00:00  |k Rodrigo Vera 
999 |c 296162  |d 296160 
952 |0 0  |1 0  |4 0  |6 782_109200000000000_OSB_1969  |7 0  |8 A  |9 349775  |a BIBEDU  |b BIBEDU  |d 2019-11-20  |i 1234919  |o 782.1092 OSB 1969  |p 1234919  |r 2023-01-12  |w 2019-11-20  |y BK  |k MUS